[Event "Druzynowe Mistrzostwa Polski Juniorow - I Liga"]
[Site "Ustron"]
[Date "2011-07-01"]
[Round "7.29"]
[White "Cyboran, Katarzyna"]
[Black "Wozniak, Mariola"]
[Result "0-1"]
[WhiteTitle "I++"]
[BlackTitle "WCM"]
[WhiteElo "1806"]
[BlackElo "1788"]

1. e4 c5 2. Nf3 d6 3. Bb5+ Bd7 4. Bxd7+ Qxd7 5. O-O Nc6 6. Re1 e6 7. c3 Nf6 8.
d4 cxd4 9. cxd4 d5 10. e5 Ne4 11. Nbd2 Nxd2 12. Bxd2 Be7 13. a3 Qd8 14. b4 O-O
15. Qa4 Nb8 16. Be3 Nd7 17. Nd2 a6 18. f4 b5 19. Qd1 Nb6 20. Qg4 Nc4 21. Nxc4
dxc4 22. f5 exf5 23. Qxf5 Qd5 24. Qg4 Rfd8 25. Kh1 Rac8 26. Bh6 Bf8 27. Re4 Rc6
28. Be3 Rg6 29. Qf3 Rc6 30. Rf1 Rd7 31. Bd2 a5 32. Bc3 Ra6 33. bxa5 Bxa3 34. Qf4
Bf8 35. Rb1 b4 36. Be1 c3 37. Qe3 c2 38. Rc1 b3 39. Bc3 Ba3 40. Qe2 Bxc1 41. Qxa6
Ba3 42. Bd2 Qxe4 43. Qc8+ Bf8 44. Bb4 c1=R+ 45. Qxc1 Bxb4 46. Qc8+ Bf8 0-1

[Event "Druzynowe Mistrzostwa Polski Juniorow - I Liga"]
[Site "Ustron"]
[Date "2011-07-01"]
[Round "7.30"]
[White "Marczuk, Anna"]
[Black "Lapa, Aleksandra"]
[Result "1/2-1/2"]
[WhiteTitle "II+"]
[BlackTitle "I"]
[WhiteElo "1628"]
[BlackElo "1444"]

1. e4 c6 2. d4 d5 3. Nc3 dxe4 4. Nxe4 Bf5 5. Ng3 Bg6 6. h4 h6 7. Nf3 Nf6 8. h5
Bh7 9. Bd3 Bxd3 10. Qxd3 e6 11. Bd2 Nbd7 12. O-O-O c5 13. Rhe1 Be7 14. Bc3 O-O
15. Qe2 Nd5 16. Bd2 cxd4 17. Nxd4 N7b6 18. Ba5 Qc8 19. Nb3 Bg5+ 20. Bd2 Bxd2+
21. Qxd2 Nc4 22. Qe2 b5 23. Nd4 Qa6 24. Kb1 Rfc8 25. Ne4 b4 26. Nb3 Nc3+ 27. Nxc3
bxc3 28. Nd4 Qb6 29. Nb3 Nxb2 30. Rd7 Rd8 31. Qf3 Rxd7 32. Qxa8+ Rd8 33. Qf3 Qb4
34. a3 Qxa3 35. Qxc3 Nd1 36. Qa1 Qxa1+ 37. Kxa1 Nxf2 38. Kb2 Rd5 39. Re2 Ng4 40.
c4 Rd8 41. c5 Rc8 42. Kc3 Nf6 43. Ra2 Rc7 44. Kc4 Nxh5 45. Nd4 Nf4 46. Nb5 Rc8
47. Nxa7 Ra8 48. c6 Nd5 49. Kc5 Kf8 50. Kd6 Rd8+ 51. Kc5 Ra8 52. Kd6 Rd8+ 53.
Kc5 Ra8 54. Kd6 1/2-1/2